000 00993nam a2200253Ia 4500
003 OSt
005 20220923211140.0
006 a|||||r|||| 00| 0
007 ta
008 220922b |||||||| |||| 00| 0 hin d
020 _a8185999961 (hbk)
_c500
024 _a235,202
037 _b418, 28/02/2008, University Book House
_cTextual
040 _aARTS
_cARTS
_bhin
041 _2hin
_ahin
082 _aO152,3N24:g(Y2), P6
100 _aअमिता
_9158763
245 0 _aरामदरश मिश्र की कहानियों में पारिवारिक संबंधों का स्वरूप
246 _aRāmadarash mishra kī kahāniyoan mean pārivārik sanbandhoan kā svarūpa
260 _aदिल्ली
_b स्वराज प्रकाशन
_c2006
300 _a296पृ.
_ccm.
942 _hO152,3N24:g(Y2), P6
_cTEXL
_2CC
999 _c295956
_d295956